THE CONSTITUTIONAL LAW OF INDIA (Record no. 23006)

MARC details
000 -LEADER
fixed length control field 00362nam a22001457a 4500
003 - CONTROL NUMBER IDENTIFIER
control field SGT
020 ## - INTERNATIONAL STANDARD BOOK NUMBER
International Standard Book Number 9789386456403
082 ## - DEWEY DECIMAL CLASSIFICATION NUMBER
Classification number 342.0954
Item number SIN
100 ## - MAIN ENTRY--PERSONAL NAME
Personal name SINGH , JAI S
245 ## - TITLE STATEMENT
Title THE CONSTITUTIONAL LAW OF INDIA
Remainder of title CASES AND MATERIALS
250 ## - EDITION STATEMENT
Edition statement 1
260 ## - PUBLICATION, DISTRIBUTION, ETC. (IMPRINT)
Place of publication, distribution, etc ALLAHABAD
Name of publisher, distributor, etc CENTRAL LAW PUBLICATION
Year of Publication 2018
300 ## - PAGE DESCRIPTION
No. of Pages LLL , 1147
942 ## - ADDED ENTRY ELEMENTS (KOHA)
Source of classification or shelving scheme Dewey Decimal Classification
Koha item type Books
942 ## - ADDED ENTRY ELEMENTS (KOHA)
-- 1
Holdings
Withdrawn status Lost status Source of classification or shelving scheme Damaged status Not for loan Collection code Home library Current library Shelving location Date acquired Vendor Name Cost, normal purchase price SGTU Bill Number Full call number Accession No. (Barcode) Date last seen Bill Date Koha item type Total Checkouts Date last borrowed
    Dewey Decimal Classification   Not For Loan LAW SGT Science & Social Sciences Library SGT Science & Social Sciences Library Reference Book 15/07/2022 AHUJA BOOK COMPANY 790.00 SGTU 14697 342.0954 SIN FL2768 15/07/2022 30/06/2022 Books    
    Dewey Decimal Classification     LAW SGT Science & Social Sciences Library SGT Science & Social Sciences Library Text Book 15/07/2022 AHUJA BOOK COMPANY 790.00 SGTU 14697 342.0954 SIN FL2769 15/07/2022 30/06/2022 Books    
    Dewey Decimal Classification     LAW SGT Science & Social Sciences Library SGT Science & Social Sciences Library Text Book 15/07/2022 AHUJA BOOK COMPANY 790.00 SGTU 14697 342.0954 SIN FL2770 09/09/2024 30/06/2022 Books 1 27/08/2024